| 000 | 00597nam a2200205 i 4500 | ||
|---|---|---|---|
| 001 | 95156 | ||
| 003 | ES-MaACL | ||
| 005 | 20250823063050.0 | ||
| 007 | t| | ||
| 008 | 050524s1920 sp ||||1| spa d | ||
| 100 | 1 |
_aLuis André, Eloy, _d1876-1935 _974686 |
|
| 245 | 1 | 0 |
_aEtica individual y social / _cEloy Luis André. |
| 250 | _a2ª ed. | ||
| 260 |
_aMadrid : _bHijos de M. G. Hernández, _c1920. |
||
| 300 |
_aVIII, 251 p. ; _c24 cm. |
||
| 650 | 7 |
_aMoral práctica _2embne _911261 |
|
| 650 | 7 |
_aÉtica social _2embne _912593 |
|
| 852 |
_aES-MaACL _jF-1422 |
||
| 999 |
_c95156 _d95156 |
||